A bábszínház vendégjátéka Szabadkán
Elmentve itt :
| Szerző: | |
|---|---|
| Dokumentumtípus: | Cikk |
| Megjelent: |
1977-10-08
|
| Sorozat: | Délmagyarország
67 No. 237 |
| Kulcsszavak: | Szabadka, bábszínház |
| Online Access: | http://dmarchiv.bibl.u-szeged.hu/112273 |
| LEADER | 00466nab a2200157 i 4500 | ||
|---|---|---|---|
| 001 | delm112273 | ||
| 005 | 20190528083114.0 | ||
| 008 | 190528s1977 hu o 0|| hun d | ||
| 040 | |a SZTE Délmagyarország Archívum |b hun | ||
| 041 | |a hun | ||
| 100 | 1 | |a Vass Mária | |
| 245 | 1 | 2 | |a A bábszínház vendégjátéka Szabadkán |h [elektronikus dokumentum] / |c Vass Mária |
| 260 | |c 1977-10-08 | ||
| 300 | |a 5 | ||
| 490 | 0 | |a Délmagyarország |v 67 No. 237 | |
| 695 | |a Szabadka, bábszínház | ||